000 00309nam a22001337a 4500
008 171218b xxu||||| |||| 00| 0 eng d
020 _a9780316293877
041 _aeng
080 _25TH
_a61
100 _a3
101 _aSHM
245 _aPROBLEM-ORIENTED MEDICAL DIAGNOSIS
_cFRIEDMAN,H,H
942 _2udc
_cBK
999 _c39063
_d39063